000 00536nam a2200241Ia 4500
003 IT-RoPAU
008 120407s9999 xx 000 0 und d
040 _aIT-RoPAU
040 _cIT-RoPAU
041 _aita
100 _aWerner Heisenberg
245 _a"Discussione sulla fisica moderna 2a ed."
250 _aTorino
260 _aEinaudi
260 _c1960
300 _a131 p.
300 _c22 cm
490 _aBiblioteca di cultura scientifica
490 _v59
700 _aMax Born
942 _cBK
999 _c25174
_d25174